000 01782cam a22003737i 4500
001 2768
003 FISKH
005 20240112153433.0
008 170306t20172017ii 000 1 eng
010 _a 2016363058
020 _a9788175994256
025 _aI-E-2016363058; 26-90
037 _bLibrary of Congress -- New Delhi Overseas Office
040 _aDLC
_beng
_erda
_cDLC
_dDLC
042 _alcode
050 0 0 _aMLCS 2017/50051 (P)
082 _aFic
100 1 _aDesai, Salil,
_eauthor.
245 1 0 _a3 and a half murders /
_cSalil Desai.
246 3 0 _aThree and a half murders
264 1 _aNew Delhi :
_bFingerprint,
_c[2017]
264 4 _c2017
300 _a327 pages ;
_c20 cm.
336 _atext
_btxt
_2rdacontent
337 _aunmediated
_bn
_2rdamedia
338 _avolume
_bnc
_2rdacarrier
490 0 _aInspector Saralkar mystery series
500 _aNovel.
520 _aWhen the case comes their way, Senior Inspector Saralkar has just been diagnosed with hypertension and PSI Motkar is busy with rehearsals of an amateur play. What appears at first to be a commonplace crime by a debt-ridden, cuckolded husband, who has killed his unfaithful wife and then hung himself, soon begins to unfold as a baffling mystery. As clues point to a seven-year-old unsolved murder in Bangalore and other leads emerge closer home, Saralkar and Motkar find themselves investigating shady secrets, bitter grudges, fishy land deals, carnal desires, the dead woman Anushka Doshi’ s sinister obsession with past life regression and her husband’ s links to a suspicious, small-time god-man, Rangdev Baba.
530 _aAlso available as an e-book.
906 _a7
_bcbc
_corigode
_d4
_encip
_f20
_gy-gencatlg
942 _2lcc
_cBK
_n0
999 _c2768
_d2768